[Event "Erbil Khanzad op 14th"]
[Site "Erbil"]
[Date "2019.12.16"]
[Round "9.2"]
[White "Didar, Mohammed Zhaher"]
[Black "Chiya, Mder Hamad"]
[Result "1-0"]
[WhiteElo "2136"]
[BlackElo "2063"]
[PlyCount "73"]
[EventDate "2019.12.12"]
[EventType "swiss"]
[EventRounds "9"]
[EventCountry "IRQ"]
[SourceTitle "CBM 193 Extra"]
[Source "ChessBase"]
[SourceDate "2020.01.31"]
[SourceVersion "1"]
[SourceVersionDate "2020.01.31"]
[SourceQuality "1"]

1. d4 c5 2. e3 Nf6 3. Nf3 g6 4. c3 Bg7 5. Nbd2 b6 6. Bd3 Bb7 7. 0-0 0-0 8. e4 cxd4 9. cxd4 d5 10. e5 Ne4 11. Qe2 Nxd2 12. Bxd2 Nc6 13. Rac1 Qd7 14. Rc2 f6 15. Bb5 a6 16. e6 Qd6 17. Bxc6 Bxc6 18. Bf4 Bb5 19. Qe3 Qb4 20. Rfc1 a5 21. a3 Qa4 22. Rc7 Rfe8 23. h4 Ba6 24. Rd7 Qb5 25. b3 Rac8 26. Bc7 Bf8 27. a4 Qb4 28. h5 b5 29. hxg6 hxg6 30. Qd3 g5 31. Rxd5 Bb7 32. Rxb5 Qa3 33. Rbc5 Bxf3 34. gxf3 Bg7 35. Kg2 Qb2 36. Rh1 f5 37. Qxf5 1-0

[Event "Krakow Malopolski-chA"]
[Site "Krakow"]
[Date "2014.05.03"]
[Round "7"]
[White "Chiya, Mder Hamad"]
[Black "Kosturkiewicz, Jacek"]
[Result "1-0"]
[WhiteElo "2045"]
[BlackElo "2005"]
[PlyCount "81"]
[EventDate "2014.04.27"]
[EventType "swiss"]
[EventRounds "9"]
[EventCountry "POL"]
[SourceTitle "CBM 160 Extra"]
[Source "ChessBase"]
[SourceDate "2014.07.01"]
[SourceVersion "1"]
[SourceVersionDate "2014.07.01"]
[SourceQuality "1"]

1. e4 c5 2. Nf3 d6 3. d4 cxd4 4. Nxd4 Nf6 5. Nc3 g6 6. Be3 Bg7 7. f3 Nc6 8. Qd2 0-0 9. 0-0-0 Nxd4 10. Bxd4 Be6 11. Kb1 Qc7 12. h4 Rfc8 13. h5 Qa5 14. hxg6 hxg6 15. a3 Rc6 16. Bd3 Rac8 17. Nb5 Qa4 18. b3 Qa6 19. Nxd6 Qxa3 20. Nxc8 Rxc8 21. g4 a5 22. g5 Nh5 23. Bxg7 Kxg7 24. Bb5 Rc5 25. Bd7 a4 26. Bxe6 fxe6 27. Qd4+ Kf7 28. Qxa4 Qxa4 29. bxa4 Rc4 30. Rd7 Rb4+ 31. Kc1 b6 32. Rb7 Rxa4 33. Rxb6 Ra1+ 34. Rb1 Ra5 35. Rg1 Nf4 36. Rg4 Nh3 37. f4 Ra4 38. Rh4 Nf2 39. Rh7+ Ke8 40. Rb7 Rxe4 41. Rhxe7+ 1-0

[Event "Krakow Malopolski-chA"]
[Site "Krakow"]
[Date "2014.05.03"]
[Round "8"]
[White "Didar, Mohammed Zhaher"]
[Black "Chiya, Mder Hamad"]
[Result "1-0"]
[WhiteElo "2212"]
[BlackElo "2045"]
[PlyCount "141"]
[EventDate "2014.04.27"]
[EventType "swiss"]
[EventRounds "9"]
[EventCountry "POL"]
[SourceTitle "CBM 160 Extra"]
[Source "ChessBase"]
[SourceDate "2014.07.01"]
[SourceVersion "1"]
[SourceVersionDate "2014.07.01"]
[SourceQuality "1"]

1. d4 Nf6 2. Nf3 e6 3. e3 d5 4. Bd3 c5 5. c4 Nc6 6. a3 Be7 7. 0-0 0-0 8. dxc5 a5 9. Qe2 Bxc5 10. Nc3 e5 11. Rd1 d4 12. exd4 exd4 13. Ne4 Nxe4 14. Qxe4 g6 15. Bg5 f6 16. Bh6 Re8 17. Qh4 Ne5 18. Be4 Be6 19. b3 Nxf3+ 20. Bxf3 Ra6 21. Bd2 Qe7 22. Re1 Qf7 23. b4 Bd6 24. c5 Be5 25. Qe4 Ra7 26. Rac1 Rd8 27. Qd3 axb4 28. axb4 Bd5 29. b5 Rda8 30. Bxd5 Qxd5 31. f4 Ra3 32. Qc4 Qxc4 33. Rxc4 Rd3 34. Rc2 Bc7 35. b6 Bd8 36. Rb1 Kf7 37. Be1 Rda3 38. c6 bxc6 39. b7 Rb8 40. Rxc6 Be7 41. Rc7 Re3 42. Bb4 d3 43. Bd6 d2 44. Kf2 Re6 45. Rxe7+ Rxe7 46. Bxb8 d1Q 47. Rxd1 Rxb7 48. Bd6 Ke6 49. Bc5 Kf5 50. Be3 Rb5 51. Kf3 h5 52. Rc1 Rb4 53. Rc5+ Ke6 54. h3 Ra4 55. Rc6+ Kf7 56. Bd2 f5 57. Bc3 Ra3 58. Ke3 h4 59. Kd3 Ra4 60. Be5 Ra3+ 61. Kd4 Rg3 62. Rc2 Ke6 63. Bc7 Kd7 64. Ke5 Ke7 65. Bd6+ Kf7 66. Bc5 Kg7 67. Ke6 Kh6 68. Be7 Re3+ 69. Kf7 Re4 70. Rc8 Kh7 71. Bf6 1-0

[Event "Krakow Malopolski-chA"]
[Site "Krakow"]
[Date "2014.05.01"]
[Round "5"]
[White "Chiya, Mder Hamad"]
[Black "Gbyl, Andrzej"]
[Result "1/2-1/2"]
[WhiteElo "2045"]
[BlackElo "2207"]
[PlyCount "178"]
[EventDate "2014.04.27"]
[EventType "swiss"]
[EventRounds "9"]
[EventCountry "POL"]
[SourceTitle "CBM 160 Extra"]
[Source "ChessBase"]
[SourceDate "2014.07.01"]
[SourceVersion "1"]
[SourceVersionDate "2014.07.01"]
[SourceQuality "1"]

1. e4 c6 2. d4 d5 3. Nc3 dxe4 4. Nxe4 Bf5 5. Ng3 Bg6 6. h4 h6 7. Nf3 Nd7 8. h5 Bh7 9. Bd3 Bxd3 10. Qxd3 e6 11. Bf4 Qa5+ 12. Bd2 Bb4 13. c3 Be7 14. c4 Qc7 15. Ne4 Ngf6 16. g3 Nxe4 17. Qxe4 Nf6 18. Qe2 c5 19. Bc3 Rc8 20. d5 exd5 21. Bxf6 gxf6 22. cxd5 Qa5+ 23. Kf1 Qa6 24. Qxa6 bxa6 25. Kg2 Kd7 26. Nh4 Bd6 27. f4 Rb8 28. b3 a5 29. Nf5 Rb4 30. Rac1 a4 31. Rc4 a5 32. Rhc1 Re8 33. Kf3 axb3 34. Rxb4 axb4 35. axb3 Ra8 36. Nxh6 Rh8 37. Nf5 Rxh5 38. Ke4 Rh2 39. Ra1 Bb8 40. Ra6 Re2+ 41. Kd3 Rb2 42. Kc4 Rc2+ 43. Kb5 c4 44. bxc4 b3 45. Ra1 b2 46. Rb1 Bd6 47. Nd4 Rd2 48. Nb3 Rg2 49. c5 Rxg3 50. c6+ Kc8 51. Rxb2 Bxf4 52. Nc5 Rg5 53. Kc4 Rg1 54. Rb3 Be5 55. Nd3 Bd6 56. Rb5 f5 57. Ra5 Kb8 58. Rb5+ Kc8 59. Rb7 Rg4+ 60. Kc3 Bc7 61. Ra7 Kb8 62. Ra2 Rg3 63. Kd4 Bd6 64. Ne5 Rg1 65. Nd7+ Kc7 66. Ra7+ Kd8 67. Nb6 Rd1+ 68. Kc4 Rc1+ 69. Kd3 Bc7 70. Ra8+ Ke7 71. Nc8+ Kf6 72. Ra7 Be5 73. Rd7 f4 74. Nd6 Bxd6 75. Rxd6+ Ke5 76. Rd7 f3 77. Ke3 Rc3+ 78. Kf2 Ke4 79. c7 Rc2+ 80. Kf1 Rc1+ 81. Kf2 Rc2+ 82. Kg3 f5 83. d6 f4+ 84. Kh3 Rc1 85. Re7+ Kf5 86. Rf7+ Kg5 87. Kh2 f2 88. c8Q Rxc8 89. Kg2 Rd8 1/2-1/2

[Event "Krakow Malopolski-chA"]
[Site "Krakow"]
[Date "2014.04.29"]
[Round "3"]
[White "Chiya, Mder Hamad"]
[Black "Kempinski, Tomasz"]
[Result "1-0"]
[WhiteElo "2045"]
[BlackElo "2228"]
[PlyCount "45"]
[EventDate "2014.04.27"]
[EventType "swiss"]
[EventRounds "9"]
[EventCountry "POL"]
[SourceTitle "CBM 160 Extra"]
[Source "ChessBase"]
[SourceDate "2014.07.01"]
[SourceVersion "1"]
[SourceVersionDate "2014.07.01"]
[SourceQuality "1"]

1. e4 c5 2. Nf3 a6 3. c3 d5 4. e5 Nc6 5. d4 Bg4 6. Be2 e6 7. 0-0 Bxf3 8. Bxf3 cxd4 9. cxd4 Qb6 10. Be3 Nge7 11. Bg4 Qxb2 12. Nd2 Qb6 13. Nb3 Na5 14. Rb1 Nxb3 15. Rxb3 Qc7 16. Qb1 Rb8 17. Rc1 Nc6 18. Rb6 Rc8 19. Rxb7 Qa5 20. Rb6 Kd7 21. Be2 Nb4 22. Rb7+ Kd8 23. Bg5+ 1-0

[Event "Arab Clubs-chT"]
[Site "Monastir"]
[Date "2013.11.09"]
[Round "8.2"]
[White "Chiya, Mder Hamad"]
[Black "Amdouni, Zoubaier"]
[Result "1/2-1/2"]
[WhiteElo "2031"]
[BlackElo "2247"]
[PlyCount "53"]
[EventDate "2013.11.04"]
[EventType "team-tourn"]
[EventRounds "9"]
[EventCountry "TUN"]
[SourceTitle "EXT 2014"]
[Source "ChessBase"]
[SourceDate "2013.11.20"]
[SourceVersion "1"]
[SourceVersionDate "2013.11.20"]
[SourceQuality "1"]
[WhiteTeam "Khanzad"]
[BlackTeam "Marsa"]
[WhiteTeamCountry "IRQ"]
[BlackTeamCountry "TUN"]

1. e4 c5 2. Nf3 Nc6 3. Bb5 e6 4. 0-0 Nge7 5. Re1 a6 6. Bf1 e5 7. c3 d6 8. d4 cxd4 9. cxd4 g6 10. h3 Bg7 11. dxe5 dxe5 12. Qxd8+ Nxd8 13. Nc3 Ndc6 14. Be3 Be6 15. Bb6 Nc8 16. Bc5 b6 17. Ba3 Bf8 18. Nd5 Bxa3 19. Nc7+ Kd7 20. Nxa8 Bc5 21. Red1+ Nd6 22. b4 Nxb4 23. Nxe5+ Ke7 24. a3 Nc2 25. Nc6+ Kd7 26. Ne5+ Ke7 27. Nc6+ 1/2-1/2

[Event "Arab Clubs-chT"]
[Site "Monastir"]
[Date "2013.11.08"]
[Round "7.2"]
[White "Belouadah, Saad"]
[Black "Chiya, Mder Hamad"]
[Result "1-0"]
[WhiteElo "2301"]
[BlackElo "2031"]
[PlyCount "101"]
[EventDate "2013.11.04"]
[EventType "team-tourn"]
[EventRounds "9"]
[EventCountry "TUN"]
[SourceTitle "EXT 2014"]
[Source "ChessBase"]
[SourceDate "2013.11.20"]
[SourceVersion "1"]
[SourceVersionDate "2013.11.20"]
[SourceQuality "1"]
[WhiteTeam "ASSN"]
[BlackTeam "Khanzad"]
[WhiteTeamCountry "ALG"]
[BlackTeamCountry "IRQ"]

1. d4 Nf6 2. Nf3 e6 3. g3 b6 4. Bg2 Bb7 5. 0-0 d5 6. c4 Be7 7. Ne5 0-0 8. Nc3 Nbd7 9. Qa4 Nxe5 10. dxe5 Ne4 11. cxd5 Nxc3 12. bxc3 exd5 13. c4 c6 14. Rd1 Qc7 15. cxd5 cxd5 16. Bxd5 Bxd5 17. Rxd5 Rfd8 18. Rxd8+ Rxd8 19. Bb2 Qd7 20. Qxd7 Rxd7 21. Rc1 Bc5 22. Rc2 Kf8 23. Kg2 g6 24. Kf3 Ke7 25. e3 Ke6 26. Ke4 Rc7 27. g4 a5 28. f4 b5 29. f5+ gxf5+ 30. gxf5+ Ke7 31. Bd4 Bb6 32. Rb2 Bxd4 33. exd4 b4 34. a3 bxa3 35. Rb3 a4 36. Rxa3 Ra7 37. f6+ Kd7 38. d5 Kc7 39. Kd4 Ra5 40. Ke4 Kd7 41. h3 Ra6 42. Kd4 Ra5 43. Re3 Ra6 44. Ra3 Ra5 45. h4 h6 46. h5 Ra6 47. Ke3 Ra5 48. Ke4 Ra7 49. Kf5 Ra5 50. e6+ fxe6+ 51. Kg6 1-0

[Event "Arab Clubs-chT"]
[Site "Monastir"]
[Date "2013.11.06"]
[Round "4.2"]
[White "Chiya, Mder Hamad"]
[Black "Bouaziz, Mehdi"]
[Result "0-1"]
[WhiteElo "2031"]
[BlackElo "2217"]
[PlyCount "60"]
[EventDate "2013.11.04"]
[EventType "team-tourn"]
[EventRounds "9"]
[EventCountry "TUN"]
[SourceTitle "EXT 2014"]
[Source "ChessBase"]
[SourceDate "2013.11.20"]
[SourceVersion "1"]
[SourceVersionDate "2013.11.20"]
[SourceQuality "1"]
[WhiteTeam "Khanzad"]
[BlackTeam "Sfax"]
[WhiteTeamCountry "IRQ"]
[BlackTeamCountry "TUN"]

1. e4 c5 2. Nf3 Nc6 3. Bb5 g6 4. 0-0 Bg7 5. Re1 Nf6 6. c3 0-0 7. d4 cxd4 8. cxd4 d5 9. e5 Ne4 10. h3 Qb6 11. Bf1 f6 12. Nc3 Nxc3 13. bxc3 fxe5 14. dxe5 e6 15. Qb3 Nxe5 16. Nd4 Nc6 17. Qxb6 axb6 18. Nb5 Nb4 19. Rb1 Nxa2 20. Nc7 Ra5 21. Bd2 Nxc3 22. Rb3 Ne4 23. Bxa5 bxa5 24. Rf3 Bd4 25. Re2 Bd7 26. Ra2 Rc8 27. Nb5 Bb6 28. g3 Rc1 29. Rb3 a4 30. Rxa4 Nd2 0-1

[Event "IRQ-ch final first Stage"]
[Site "Baghdad"]
[Date "2013.10.11"]
[Round "4"]
[White "Shayan, Sabri Mohmood"]
[Black "Chiya, Mder Hamad"]
[Result "1-0"]
[WhiteElo "2138"]
[BlackElo "2019"]
[PlyCount "81"]
[EventDate "2013.10.09"]
[EventType "swiss"]
[EventRounds "9"]
[EventCountry "IRQ"]
[SourceTitle "EXT 2018"]
[Source "ChessBase"]
[SourceDate "2017.10.13"]
[SourceVersion "1"]
[SourceVersionDate "2017.10.13"]
[SourceQuality "1"]

1. d4 Nf6 2. c4 e6 3. Nc3 Bb4 4. Qc2 b6 5. e4 Bb7 6. Bd3 d6 7. Nf3 Nbd7 8. 0-0 Bxc3 9. bxc3 e5 10. Bd2 0-0 11. Rae1 Rb8 12. Bc1 Re8 13. Re2 Nf8 14. Ne1 Ne6 15. d5 Nc5 16. Re3 Bc8 17. Be2 Bd7 18. f3 Nh5 19. Nd3 Nf4 20. Nxc5 bxc5 21. g3 Ng6 22. Bd3 Qc8 23. f4 f6 24. f5 Ne7 25. g4 g5 26. fxg6 Nxg6 27. Rg3 Kh8 28. Rxf6 Bxg4 29. Qg2 Kg7 30. Rf1 Bd7 31. h4 Kh8 32. Bg5 Rf8 33. Bf6+ Rxf6 34. Rxf6 Nf4 35. Qf3 Qe8 36. Rg5 Nh3+ 37. Kf1 Nxg5 38. hxg5 Qg8 39. g6 Qg7 40. Rf7 Qh6 41. Qf6+ 1-0

[Event "IRQ-ch final first Stage"]
[Site "Baghdad"]
[Date "2013.10.10"]
[Round "2"]
[White "Chiya, Mder Hamad"]
[Black "Nagem, Abd M Issa"]
[Result "0-1"]
[WhiteElo "2019"]
[BlackElo "2177"]
[PlyCount "70"]
[EventDate "2013.10.09"]
[EventType "swiss"]
[EventRounds "9"]
[EventCountry "IRQ"]
[SourceTitle "EXT 2018"]
[Source "ChessBase"]
[SourceDate "2017.10.13"]
[SourceVersion "1"]
[SourceVersionDate "2017.10.13"]
[SourceQuality "1"]

1. e4 e6 2. d4 d5 3. Nc3 Bb4 4. e5 c5 5. a3 Bxc3+ 6. bxc3 Qc7 7. Bd2 Ne7 8. Bd3 Nbc6 9. Nf3 Bd7 10. 0-0 c4 11. Be2 h6 12. Kh1 0-0-0 13. Ng1 Rdf8 14. f4 f6 15. Bg4 fxe5 16. fxe5 Rxf1 17. Qxf1 Qd8 18. Qf7 Rf8 19. Qh5 Qa5 20. Qh3 Nd8 21. Qh4 Nf5 22. Qe1 Ba4 23. Qd1 Qc7 24. Ne2 g5 25. Bxf5 Rxf5 26. Ng3 Rf2 27. Nh5 Qh7 28. Nf6 Qxc2 29. Qxc2 Bxc2 30. Be3 Re2 31. Bg1 Bd3 32. Ng4 Rc2 33. Nxh6 Be4 34. h3 Bxg2+ 35. Kh2 Be4+ 0-1